Classement 100m aux Jeux Olympiques 2012 - Statistiques

Statistiques générales
  • Ce quiz a été pris 88 fois
  • Le résultat moyen est 5 sur 8
Statistiques - réponses
Position Temps Nationalité Coureur % Correct
Or 9.63 Jamaïque Usain Bolt
100%
Argent 9.75 Jamaïque Yohan Blake
81%
Bronze 9.79 Etats-Unis Justin Gatlin
79%
7e 11.99 Jamaïque Asafa Powell
67%
8e Suspendu (9.80) Etats-Unis Tyson Gay
64%
5e 9.94 Pays-Bas Churandy Martina
24%
6e 9.98 Trinité-et-Tobago Richard Thompson
18%
4e 9.88 Etats-Unis Ryan Bailey
18%
Aucun quiz correspondant
Distribution des résultats
% des personnes avec chaque résultat
Percentile par nombre de réponses
Votre historique - résultats
Vous n’avez pas pris ce quiz